000 00385nam a22001337a 4500
003 OSt
008 201119b ||||| |||| 00| 0 eng d
100 _aLemay, Laura and Rolburn, Refe., Kyrnin, Jennifer
245 _aMastering HTML, CSS & Java Script Web Publishing
260 _aNew Delhi
_bBPB Publications
_c2019
300 _a742
650 _aB.Sc Computer Science
942 _2ddc
_cBK
999 _c9252
_d9252